02332nam a2200313 4500001000400000003000400004005001700008008004100025040000800066041001300074082001500087100004100102240002800143245009700171260004200268300001100310520133400321650002901655650003401684650002601718650001701744650001901761655001601780655002001796700004301816942001501859952013101874999001302005159OSt20250528074013.0250129b |||||||e |||| 00| 1 eng d bpor hengapor a813bC592o1 aClark, Mary Higgins,d1927-20209301 aWhere are the children? aOnde estão as crianças? /cClark, Mary Higgins ; Tradução de Magali Garcindo de Sá aSão PaulobCírculo do Livroc1992 a176 p. a"Onde estão as crianças?" foi o primeiro romance policial lançado por Mary Higgins Clark. "Onde estão as crianças?" é a história de uma mulher cujo passado guarda um terrível segredo. Em um tribunal da Califórnia, Nancy Harmon foi considerada culpada pelo assassinato de seus dois filhos, mas foi libertada da prisão por uma questão técnica do julgamento. Decidida a começar uma nova vida, ela muda a identidade e deixa São Francisco, procurando a tranqüilidade de Cape Cod, no litoral de Massachusetts. Sete anos após o julgamento, Nancy está novamente casada e tem dois filhos: Michael e Missy. Enfim ela sente que conseguiu recuperar tudo o que havia perdido. E é então que o pesadelo recomeça. Um jornal local de Cape Cod publica um artigo sobre um famoso caso de assassinato na Califórnia que envolveu uma mãe acusada de matar os dois filhos. Na matéria, há uma foto de Nancy. Na mesma manhã, Michael e Missy desaparecem. As crianças estavam brincando no quintal quando desaparecem... E a única pista é uma luva vermelha de Missy. Enquanto Nancy se torna a principal suspeita do desaparecimento dos filhos, ninguém na pequena cidade de Cape Cod está ciente de um estranho em seu meio, alguém cujos planos para se vingar vêm sendo alimentados há sete anos.  0aLiteratura Americana984 0aCrime e Investigação 913 0aRomance Policial 911 0aSuspense910 0aMistério942 0aRomance923 0aFicção 922 aMagali Garcindo de SáeTradutor9303 2ddcn0cBK 00102ddc40708FICaBIBIBbBIBIBcLEd1991-03-11edoaçãol0o813 / C592op2025-8939r2025-01-29 13:30:54w2025-01-29yBK c159d159